Figure Out the Lyrics (Disney) Quiz Stats

 Plays Quiz not verified by Sporcle

Challenge
Share
Tweet
Embed
Score 0/153 Timer 08:00
0 Plays Today
% Correct
the
98.2%
a
98.2%
a
98.2%
a
98.2%
a
98.2%
a
98.2%
a
98.2%
a
98.2%
the
98.2%
A
98.2%
a
98.2%
you
79.8%
We
78.3%
We
78.3%
we
78.3%
We
78.3%
We
78.3%
We
78.3%
we
78.3%
we
78.3%
We
78.3%
we
78.3%
to
75.6%
It
75.6%
to
75.6%
in
72.2%
In
72.2%
In
72.2%
In
72.2%
In
72.2%
in
72.2%
is
66.4%
go
66.4%
do
64%
what
60.6%
what
60.6%
It's
58.8%
ho
57.2%
ho
57.2%
ho
57.2%
ho
57.2%
ho
57.2%
ho
57.2%
ho
57.2%
ho
57.2%
ho
57.2%
ho
57.2%
ho
57.2%
ho
57.2%
ho
57.2%
ho
57.2%
% Correct
Where
57%
no
52.8%
for
52.4%
if
51.9%
work
48.1%
from
44.1%
from
44.1%
like
43.1%
mine
42.4%
mine!
42.4%
mine!
42.4%
mine!
42.4%
mine!
42.4%
day
42.1%
our
38.9%
know
38.7%
dig
37.2%
dig
37.2%
dig
37.2%
dig
37.2%
dig
37.2%
dig
37.2%
dig
37.2%
dig
37.2%
dig
37.2%
dig
37.2%
dig
37.2%
dig
37.2%
dig
37.2%
dig
37.2%
dig
37.2%
dig
37.2%
dig
37.2%
dig
37.2%
dig
37.2%
dig
37.2%
dig
37.2%
dig
37.2%
dig
37.2%
dig
37.2%
dig
37.2%
dig
37.2%
dig
37.2%
dig
37.2%
dig
37.2%
dig
37.2%
dig
37.2%
dig
37.2%
dig
37.2%
dig
37.2%
dig
37.2%
% Correct
dig
37.2%
dig
37.2%
dig
37.2%
or
37%
don't
36.5%
Heigh
35.2%
Heigh
35.2%
Heigh
35.2%
Heigh
35.2%
Heigh
35.2%
Heigh
35.2%
Heigh
35.2%
Heigh
35.2%
Heigh
35.2%
Heigh
35.2%
Heigh
35.2%
Heigh
35.2%
Heigh
35.2%
Heigh
35.2%
with
35.1%
But
33.2%
whole
32.1%
up
31.4%
up
31.4%
through
30.8%
home
29.4%
get
29.3%
'em
29.2%
diamonds
28%
diamonds
28%
night
27.2%
by
24.8%
pick
24.1%
million
23.3%
shine
22.8%
shovel
22.5%
til
20.2%
ain't
19.5%
more
19.1%
morn
18.8%
quick
16.4%
rich
16.4%
early
16.3%
everything
16%
trick
15.6%
thousand
14.3%
rubies
13.6%
sometimes
13.1%
sight
12.4%
score
10.5%
Hum
9.7%

You're not logged in!

Compare scores with friends on all Sporcle quizzes.
OR
Log In

You Might Also Like...

Show Comments

Extras

Top Quizzes Today


Score Distribution

Your Account Isn't Verified!

In order to create a playlist on Sporcle, you need to verify the email address you used during registration. Go to your Sporcle Settings to finish the process.

Report this User

Report this user for behavior that violates our Community Guidelines.

Details: